Team Logo - American Athletic Conference - Statistics

General Stats
  • This quiz has been taken 47 times
    14 since last reset
  • The average score is 11 of 13
Answer Stats
Picture Answer % Correct
East Carolina Pirates
100%
Memphis Tigers
100%
South Florida Bulls
100%
Temple Owls
100%
Tulane Green Wave
100%
Rice Owls
91%
Florida Atlantic Owls
82%
UTSA Roadrunners
82%
Wichita State Shockers
82%
Charlotte 49ers
73%
North Texas Mean Green
73%
UAB Blazers
73%
Tulsa Golden Hurricane
45%
No matching quizzes found
Score Distribution
Percent of People with Each Score
Percentile by Number Answered
Your Score History
You have not taken this quiz since the last reset